000 00342nam a2200133Ia 4500
008 200103s9999||||xx |||||||||||||| ||und||
040 _aIMU-MPC
082 _aColumn-50
100 _aGorodilin, V. M.
245 0 _aElectronic Circuits: Assembly, Testing and Alignment
260 _bMir Publishers, Moscow
_c1979
300 _a264
942 _cBK
999 _c9833
_d9833